000 00451nam a2200169 a 4500
005 20140310183204.0
008 030127s19uu xx 00 eng d
020 _a971082796
050 _aPE 1591
_b.N532 1959
245 _aNew handy webster dictionary /
260 _aMandaluyong City :
_bNational Bookstore,
_c1959.
300 _a378 p. :
_c14 cm.
650 _aMedicine dictionaries
942 _cBK
_2lcc
999 _c19954
_d19954